Statistics for Guess the Marvel Villains Quiz

Click here to take the quiz!

General Stats

  • This quiz has been taken 9 times
    (2 since last reset)
  • The average score is 21 of 85

Answer Stats

Alter EgoAnswer% Correct
Emil BlonskyAbomination
100%
Helmut ZemoBaron Zemo
100%
Cletus KasadyCarnage
100%
Max DillonElectro
100%
Norman OsbornGreen Goblin
100%
Obadiah StaneIron Monger
100%
Wilson FiskKingpin
100%
Loki LaufeysonLoki
100%
Michael MorbiusMorbius
100%
Thaddeus RossRed Hulk
100%
Flint MarkoSandman
100%
N/AThanos
100%
Eddie BrockVenom
100%
Ivan VankoWhiplash
100%
Wolfgang von StruckerBaron von Strucker
50%
Felicia HardyBlack Cat
50%
Otto OctaviusDoc Ock
50%
N/ADormammu
50%
Victor Von DoomDr. Doom
50%
Hela OdinsdottirHela
50%
Nathaniel RichardsKang the Conqueror
50%
N'JadakaKillmonger
50%
Curt ConnorsLizard
50%
Johann ShmidtRed Skull
50%
Mac GarganScorpion
50%
N/AUltron
50%
Adrian ToomesVulture
50%
Darren CrossYellowjacket
50%
Jeff Hages8-Ball
0%
En Sabah NurApocalypse
0%
Antonio RodriguezArmadillo
0%
N/AArnim Zola
0%
Abner Ronald JenkinsBeetle
0%
Fred DukesBlob
0%
Frederick MyersBoomerang
0%
Henry CampBulldozer
0%
Benjamin PoindexterBullseye
0%
Malcolm McBrideCarrion
0%
Dmitri SmerdyakovChameleon
0%
N/AClam
0%
Taneleer TivanCollector
0%
Brock RumlowCrossbones
0%
Elihas StarrEgghead
0%
AmoraEnchantress
0%
SkurgeExecutioner
0%
N/AFin Fang Foom
0%
GalanGalactus
0%
Ava StarrGhost
0%
Bill FosterGoliath
0%
En Dwi GastGrandmaster
0%
Max MarkhamGrizzly
0%
Roderick KinsleyHobgoblin
0%
Morris BenchHydro-Man
0%
Miles WarrenJackal
0%
Steven LevinsJack O' Lantern
0%
Cain MarcoJuggernaut
0%
Sergei KravenoffKraven the Hunter
0%
N/ALaufey
0%
Samuel SternsLeader
0%
Max EisenhartMagneto
0%
N/AMalakith
0%
George TarletonM.O.D.O.K.
0%
Mark RaxtonMolten Man
0%
Quentin BeckMysterio
0%
Brian Philip CaluskyPiledriver
0%
Aaron DavisProwler
0%
Buford HollisRazerback
0%
Alexei SytsevichRhino
0%
Richard FiskRose
0%
Victor CreedSabertooth
0%
herman ShultzShocker
0%
Johnathon OhnnSpot
0%
Vincent StegronStegron
0%
Kl'rtSuper Skrull
0%
Fritz Von MeyerSwarm
0%
Anthony MastersTaskmaster
0%
Eliot FranklinThunderball
0%
Phineas MasonTinkerer
0%
Mortimer ToynbeeToad
0%
Alonzo Thompson LincolnTombstone
0%
Peter PetruskiTrapster
0%
N/AUlysses Klaue
0%
Bentley WittmanWizard
0%
Dirk GarthwaiteWrecker
0%
N/AYmir the Frost Giant
0%

Score Distribution

Percentile by Number Answered

Percent of People with Each Score

Your Score History

You have not taken this quiz since the last reset